000 00519nam a22001571a 4500
001 12384
003 OSt
005 20260204212324.0
008 150701s2008||||dr ||||||b||||||||||spa||
082 _aRD 320.014 C739g
245 _aComunicacion gubernamental: Lecturas recomendadas
264 _aSanto Domingo: Pirección de formación, prensa y publiciada de la presidencia 2008
300 _a71 p.
650 _aINFORMACION GUBERNAMENTAL - REPUBLICA DOMINICANA 2.COMUNICACION REPUBLICA DOMINICANAÌ
942 _2ddc
_cBK
999 _c12384
_d12384